000 01434nam a2200349Ia 4500
001 ebr10218033
003 CaPaEBR
006 m u
007 cr cn|||||||||
008 031113s2004 caua sb 000 0 eng d
010 _z 2003115348
020 _z9780761941385
020 _z9781847877420 (ebook)
020 _z0761941371
040 _aCaPaEBR
_cCaPaEBR
035 _a(OCoLC)648355200
050 1 4 _aHA17
_b.C73 2004eb
100 1 _aCramer, Duncan,
_d1948-
245 1 4 _aThe Sage dictionary of statistics
_h[electronic resource] :
_ba practical resource for students in the social sciences /
_cDuncan Cramer and Dennis Howitt.
246 3 0 _aDictionary of statistics
260 _aThousand Oaks, CA ;
_aLondon :
_bSage Publications,
_c2004.
300 _ax, 188 p. :
_bill.
504 _aIncludes bibliographical references (p. [187]-188).
533 _aElectronic reproduction.
_bPalo Alto, Calif. :
_cebrary,
_d2009.
_nAvailable via World Wide Web.
_nAccess may be limited to ebrary affiliated libraries.
650 0 _aSocial sciences
_xStatistical methods
_vDictionaries.
650 0 _aSocial sciences
_xMethodology
_vDictionaries.
650 0 _aStatistics
_vDictionaries.
655 7 _aElectronic books.
_2local
700 1 _aHowitt, Dennis.
710 2 _aebrary, Inc.
856 4 0 _uhttp://site.ebrary.com/lib/rucke/Doc?id=10218033
_zAn electronic book accessible through the World Wide Web; click to view
999 _c129590
_d129590